Catálogo público

Urgencias quirúrgicas en bovinos / (Record no. 112067)

MARC details
000 -CABECERA
campo de control de longitud fija 00843nam a2200289 a 4500
001 - NÚMERO DE CONTROL
campo de control 000115606
003 - IDENTIFICADOR DEL NÚMERO DE CONTROL
campo de control CHAP
005 - FECHA Y HORA DE LA ÚLTIMA TRANSACCIÓN
campo de control 20220329144541.0
008 - DATOS DE LONGITUD FIJA--INFORMACIÓN GENERAL
campo de control de longitud fija 190613s2016 mx a |r| ||||||spa d
010 ## - NÚMERO DE CONTROL DE LA BIBLIOTECA DEL CONGRESO
Número de control de LC 112067
011 ## - ENLACE DEL NUMERO DE CONTROL DE LA BIBLIOTECA DEL CONGRESO [OBSOLETO]
Número de control de LC 113039
020 ## - NÚMERO INTERNACIONAL ESTÁNDAR DEL LIBRO
Número Internacional Estándar del Libro 9786071726254
040 ## - FUENTE DE LA CATALOGACIÓN
Centro/agencia transcriptor CHAP
082 04 - NÚMERO DE LA CLASIFICACIÓN DECIMAL DEWEY
Número de clasificación 636.897
Número de documento/Ítem O65
100 1# - ENTRADA PRINCIPAL--NOMBRE DE PERSONA
Nombre de persona Ordóñez Medina, Rafael.
9 (RLIN) 136027
245 10 - MENCIÓN DE TÍTULO
Título Urgencias quirúrgicas en bovinos /
Mención de responsabilidad, etc. por Rafael Ordoñez Medina y Irma Tovar Corona.
260 ## - PUBLICACIÓN, DISTRIBUCIÓN, ETC.
Lugar de publicación, distribución, etc. Ciudad de México :
Nombre del editor, distribuidor, etc. Trillas,
Fecha de publicación, distribución, etc. 2016.
300 ## - DESCRIPCIÓN FÍSICA
Extensión 109 p. :
Otras características físicas il.
590 ## - NOTA LOCAL (RLIN)
Nota local BATCH-UPD
Procedencia (VM) [OBSOLETO] 05
Condición del los carretes individuales (VM) [OBSOLETO] 20190613
-- UCH01
-- 1042
590 ## - NOTA LOCAL (RLIN)
Nota local E5765TAJ
Procedencia (VM) [OBSOLETO] 05
Condición del los carretes individuales (VM) [OBSOLETO] 20190613
-- UCH01
-- 1041
650 14 - PUNTO DE ACCESO ADICIONAL DE MATERIA--TÉRMINO DE MATERIA
Término de materia o nombre geográfico como elemento de entrada Cirugía veterinaria.
9 (RLIN) 23436
650 14 - PUNTO DE ACCESO ADICIONAL DE MATERIA--TÉRMINO DE MATERIA
Término de materia o nombre geográfico como elemento de entrada Ganado vacuno
Subdivisión general Enfermedades.
9 (RLIN) 45460
700 1# - PUNTO DE ACCESO ADICIONAL--NOMBRE DE PERSONA
Nombre de persona Tovar Corona, Irma.
9 (RLIN) 136028
901 ## - ELEMENTOS DE DATOS A LOCAL LDA (RLIN)
a BK
942 ## - ELEMENTOS DE PUNTO DE ACCESO ADICIONAL (KOHA)
Tipo de ítem Koha Libro
942 ## - ELEMENTOS DE PUNTO DE ACCESO ADICIONAL (KOHA)
Suprimir en OPAC 0
Holdings
Estado de retiro Estado de pérdida Fuente del sistema de clasificación o colocación Estado dañado Restricciones de uso No para préstamo Código de colección Localización permanente Ubicación/localización actual Ubicación en estantería Fecha de adquisición Información codificada de la localización en otra ubicación Total de préstamos Signatura topográfica completa Código de barras Fecha visto por última vez Fecha del último préstamo Precio válido a partir de Tipo de ítem Koha Número de copia
    Dewey Decimal Classification   Préstamo 15 días   General Biblioteca Central Biblioteca Central Planta principal - Colección General 13/06/2019 LIBRO 1 636.897 O65 33724002556223 13/02/2024 29/01/2024 31/12/2019 Libro  
    Dewey Decimal Classification   Préstamo 15 días   General Biblioteca Central Biblioteca Central Planta principal - Colección General 12/04/2023     636.897 O65 33724002567644 12/04/2023   12/04/2023 Libro c.2
    Dewey Decimal Classification   Préstamo 15 días   General Biblioteca Central Biblioteca Central Planta principal - Colección General 12/04/2023   1 636.897 O65 33724002567686 06/02/2025 22/01/2025 12/04/2023 Libro c.3
    Dewey Decimal Classification       General Zootecnia Zootecnia   21/02/2017       z_6729 18/01/2022   18/01/2022 Libro 1
    Dewey Decimal Classification       General Zootecnia Zootecnia   21/02/2017       z_6730 18/01/2022   18/01/2022 Libro 2
    Dewey Decimal Classification       General Zootecnia Zootecnia   21/02/2017       z_6731 18/01/2022   18/01/2022 Libro 3
    Dewey Decimal Classification       General Zootecnia Zootecnia   19/06/2017       z_6820 18/01/2022   18/01/2022 Libro 4
    Dewey Decimal Classification       General Zootecnia Zootecnia   19/06/2017       z_6821 18/01/2022   18/01/2022 Libro 5